00822nam a2200193 i 450000100060000000300090000600500170001500700030003200800410003510000850007624501620016126001440032330000260046754600340049365000140052770000450054185200210058685200210060719771ES-MaACL20250920063030.0t|021011s1915 sp ||||1| spa d1 aAbū al-Ṣalt al-Dānī, Umayyaẗ ibn ʻAbd al-ʻAzīz,dca. 1068-ca. 113410aRectificación de la mente b: tratado de lógica / cpor Abusalt de Denia ; texto árabe, traducción y estudio previo por C. Angel González Palencia. aMadrid : bJunta de Ampliación de Estudios e Investigaciones Científicas : bCentro de Estudios Históricos, c1915 (fImp. Ibérica) a137, 53 p. ; c23 cm. aTexto en español y árabe. 4aLógica.1 aGonzález Palencia, Ángel,d1889-1949 aES-MaACLjB-5070 aES-MaACLjF-9461